Normal view
MARC view
Entry Topical Term
001 - CONTROL NUMBER
- control field: 5699
003 - CONTROL NUMBER IDENTIFIER
- control field: BD-RjUL
005 - DATE AND TIME OF LATEST TRANSACTION
- control field: 20221103130911.0
008 - FIXED-LENGTH DATA ELEMENTS
- fixed length control field: 221103|| aca||aabn | a|a d
040 ## - CATALOGING SOURCE
- Original cataloging agency: BD-RjUL
- Transcribing agency: BD-RjUL
150 ## - HEADING--TOPICAL TERM
- Topical term or geographic name entry element: English drama
- Chronological subdivision: 18th century
670 ## - SOURCE DATA FOUND
- Source citation: Work cat.: (BD-RjUL)80707: Sheridan, Richard Brinsley 1751-1816 5698, The plays of Richard Brinsley Sheridan /, 1906 [reprinted1951]